| 000 | 00599nam a22001817a 4500 | ||
|---|---|---|---|
| 003 | CEME | ||
| 005 | 20210628205106.0 | ||
| 008 | 210224b xxu||||| |||| 00| 0 eng d | ||
| 020 | _a0-89006-669-8 | ||
| 040 | _c. | ||
| 082 | _a621.3813 DOB'C | ||
| 100 |
_aDobrowolshi, Janusz _973838 |
||
| 245 | _aComputer aided analysis modeling and design of microwaves network the wave approach | ||
| 260 |
_aBOSTON _bARTECH HOUSE _c1996 |
||
| 300 | _a305P | ||
| 650 |
_aJADMIC ELECTRIC CIRCUIT ANALYSIS COMPUTER PROGRAM COMPUTER AIDED DESIGN MICROWAVE CIRCUIT COMPUTER SIMULATION _973839 |
||
| 942 |
_cBK _2ddc |
||
| 999 |
_c579477 _d579477 |
||